Statistics for Top 10 Countries in Wimbledon Singles Titles

Click here to take the quiz!

General Stats

  • This quiz has been taken 99 times
  • The average score is 7 of 10

Answer Stats

RankCountry% Correct
1.United States
99%
2.United Kingdom
93%
4.France
92%
10.Spain
91%
5.Germany
90%
3.Australia
85%
6.Sweden
80%
7.Czech Republic
53%
9.Brazil
42%
8.New Zealand
24%

Score Distribution

Percentile by Number Answered

Percent of People with Each Score

Your Score History

You have not taken this quiz